Sports Quiz

Random Sports or Baseball Quiz

Oakland A's starting outfielders 1968-2017 Quiz Stats

Quiz not verified by Sporcle

Challenge
Share
Tweet
Embed
Score 0/227 Timer 20:00
0 Plays Today
Years Player % Correct
1968-1975, 1987Reggie Jackson
97.4%
2010-2011Conor Jackson
97.4%
1979-1984, 1989-1995, 1998Rickey Henderson
94.9%
1985-1987Steve Henderson
94.9%
1988-1993Dave Henderson
94.9%
1968-1976, 1982Joe Rudi
89.7%
1970-1971Tommy Davis
89.7%
1980, 1982-1987Mike Davis
89.7%
2008-2010, 2017Rajai Davis
89.7%
2016-2017Khris Davis
89.7%
1985-1992, 1997Jose Canseco
84.6%
1990Ozzie Canseco
84.6%
1978-1987Dwayne Murphy
79.5%
1988-1989Dave Parker
74.4%
1968-1971Rick Monday
71.8%
1977-1982Tony Armas
71.8%
1973-1978Bill North
69.2%
1974-1976Claudell Washington
69.2%
1972Ollie Brown
64.1%
1977-1979Mitchell Page
64.1%
1982Darrell Brown
64.1%
2008Emil Brown
64.1%
1996-1997Jason Giambi
61.5%
2000-2002Jeremy Giambi
61.5%
2012-2013Seth Smith
61.5%
1976Don Baylor
59%
1986, 1988-1989, 1999Tony Phillips
56.4%
2000-2003Terrence Long
56.4%
2005Charles Thomas
56.4%
2001Johnny Damon
53.8%
2008Carlos Gonzalez
53.8%
1971-1972Gene Tenace
51.3%
1991-1992Willie Wilson
51.3%
2001-2004Jermaine Dye
51.3%
2010-2016Coco Crisp
51.3%
2012-2016Josh Reddick
51.3%
2010Chris Carter
48.7%
1970-1971Felipe Alou
46.2%
1972Matty Alou
46.2%
1973-1974Jesus Alou
46.2%
1996-2000Matt Stairs
46.2%
2007-2010Jack Cust
46.2%
2011Jai Miller
46.2%
1994-1997Ernie Young
43.6%
2013Chris Young
43.6%
1976Wayne Gross
41%
2009Matt Holliday
41%
2010Gabe Gross
41%
1992-1995Ruben Sierra
38.5%
2002Dave Justice
35.9%
2008-2011Ryan Sweeney
35.9%
2012-2014Yoenis Cespedes
35.9%
1968Bert Campaneris
33.3%
1971-1972George Hendrick
33.3%
1990Willie McGee
33.3%
1991-1992Harold Baines
33.3%
2000-2005Eric Byrnes
33.3%
2007Kevin Thompson
33.3%
1968Floyd Robinson
30.8%
1971-1976Angel Mangual
30.8%
1987Mark McGwire
30.8%
1997-2000Ben Grieve
30.8%
2006-2007Milton Bradley
30.8%
2011Josh Willingham
30.8%
1970Allan Lewis
28.2%
1972Allan Lewis
28.2%
1986-1990, 1994-1995Stan Javier
28.2%
1990Darren Lewis
28.2%
2011-2013Michael Taylor
28.2%
2017Matt Joyce
28.2%
1985-1986Dusty Baker
25.6%
1994-1997Geronimo Berroa
25.6%
2003Jose Guillen
25.6%
2004-2007Bobby Kielty
25.6%
2004-2007Nick Swisher
25.6%
2007Shannon Stewart
25.6%
Years Player % Correct
2014-2016Billy Burns
25.6%
1982-1984Davey Lopes
23.1%
1987-1989Luis Polonia
23.1%
1988-1989Terry Steinbach
23.1%
1998Bip Roberts
23.1%
2004-2006Mark Kotsay
23.1%
2011David DeJesus
23.1%
2011Hideki Matsui
23.1%
2012-2014Brandon Moss
23.1%
2015-2017Mark Canha
23.1%
1975Tommy Harper
20.5%
1978Gary Thomasson
20.5%
1989-1993Lance Blankenship
20.5%
1990Steve Howard
20.5%
1997-1999Jason McDonald
20.5%
1998Kevin Mitchell
20.5%
1999Tim Raines
20.5%
2001, 2003Ron Gant
20.5%
2005-2006Jay Payton
20.5%
2007-2010Travis Buck
20.5%
2011, 2017Adam Rosales
20.5%
1976Cesar Tovar
17.9%
1978-1979Miguel Dilone
17.9%
1982Jeff Burroughs
17.9%
1987Alejandro Sanchez
17.9%
1991-1997Scott Brosius
17.9%
1998-2000Ryan Christenson
17.9%
2014-2015Sam Fuld
17.9%
2014-2015Craig Gentry
17.9%
1968-1969Danny Cater
15.4%
1971-1973Mike Hegan
15.4%
1973-1974Vic Davalillo
15.4%
1975-1976Denny Walling
15.4%
1992-1993Jerry Browne
15.4%
2005, 2010Matt Watson
15.4%
2008Chris Denorfia
15.4%
2009Scott Hairston
15.4%
2015-2016Jake Smolinski
15.4%
1969-1970Jose Tartabull
12.8%
1970Frank Fernandez
12.8%
1973Billy Conigliaro
12.8%
1975-1977Matt Alexander
12.8%
1977Manny Sanguillen
12.8%
1977-1979Larry Murray
12.8%
1977Willie Crawford
12.8%
1978Gary Alexander
12.8%
1979-1980, 1982-1985Mike Heath
12.8%
1983-1984Garry Hancock
12.8%
1985Dave Collins
12.8%
1995Danny Tartabull
12.8%
2003Chris Singleton
12.8%
2005, 2007Marco Scutaro
12.8%
2007Ryan Langerhans
12.8%
2010Jeremy Hermida
12.8%
2013Michael Choice
12.8%
2014Stephen Vogt
12.8%
2016Chris Coghlan
12.8%
2017Jaff Decker
12.8%
1968-1969Mike Hershberger
10.3%
1978-1979Joe Wallis
10.3%
1979Jim Essian
10.3%
1989-1990Felix Jose
10.3%
1992Troy Neel
10.3%
2012, 2014Jonny Gomes
10.3%
2013Casper Wells
10.3%
2016Danny Valencia
10.3%
1969Tommie Reynolds
7.7%
1976Gary Woods
7.7%
1982-1983Dan Meyer
7.7%
1983, 1986Rick Peters
7.7%
1992Mike Kingery
7.7%
1993-1995Mike Aldrete
7.7%
1996Phil Plantier
7.7%
1996Pedro Munoz
7.7%
2012Collin Cowgill
7.7%
2015Ben Zobrist
7.7%
Years Player % Correct
1968Jim Gosger
5.1%
1968Joe Keough
5.1%
1969-1970Tito Francona
5.1%
1973, 1977Rich McKinney
5.1%
1977Jim Tyrone
5.1%
1977Mike Jorgensen
5.1%
1978-1979Glenn Burke
5.1%
1979Derek Bryant
5.1%
1981Mike Patterson
5.1%
1981-1982Rick Bosetti
5.1%
1989Billy Beane
5.1%
1991Brad Komminsk
5.1%
1992-1994Eric Fox
5.1%
1995Craig Paquette
5.1%
1996Torey Lovullo
5.1%
1999-2000Rich Becker
5.1%
2000-2003Adam Piatt
5.1%
2000Bo Porter
5.1%
2003Dave McCarty
5.1%
2005Freddie Bynum
5.1%
2007Jeff DaVanon
5.1%
2008Matt Murton
5.1%
2008-2010Eric Patterson
5.1%
2008-2009Aaron Cunningham
5.1%
2009-2010Matt Carson
5.1%
2010Jake Fox
5.1%
2015Cody Ross
5.1%
2016Brett Eibner
5.1%
2016Matt Olson
5.1%
1969Joe Nossek
2.6%
1970-1971Steve Hovley
2.6%
1971-1972Curt Blefary
2.6%
1972Brant Alyea
2.6%
1972Bill Voss
2.6%
1974Champ Summers
2.6%
1977Sheldon Mallory
2.6%
1978Dell Alston
2.6%
1983-1984Bill Almon
2.6%
1988-1991Doug Jennings
2.6%
1990-1992Dann Howitt
2.6%
1992Scott Hemond
2.6%
1992Randy Ready
2.6%
1995-1996Jose Herrera
2.6%
1996-1997Damon Mashore
2.6%
1998Mike Neill
2.6%
2001Robin Jennings
2.6%
2001, 2003-2004Billy McMillon
2.6%
2005-2007Hiram Bocachica
2.6%
2015Tyler Ladendorf
2.6%
1969Bill McNulty
0%
1969-1970, 1972Bobby Brooks
0%
1971Adrian Garrett
0%
1976Ken McMullen
0%
1978Mark Budaska
0%
1983Luis Quinones
0%
1986Rusty Tilman
0%
1993Scott Lydy
0%
1993Kevin Seitzer
0%
1993, 1998Kurt Abbott
0%
1994Mike Brumley
0%
1995Andy Tomberlin
0%
1996Allen Battle
0%
1996-1998Brian Lesher
0%
1997Pat Lennon
0%
1998Jack Voigt
0%
2001Mario Valdez
0%
2001F.P. Santangelo
0%
2001Mark Bellhorn
0%
2002Mike Colangelo
0%
2002Larry Sutton
0%
2007Danny Putnam
0%
2007Chris Snelling
0%
2010Jeff Larish
0%
2014Andy Parrino
0%
2016Max Muncy
0%

You're not logged in!

Compare scores with friends on all Sporcle quizzes.
Join for Free
OR
Log In

Show Comments

Extras

Top Quizzes Today


Score Distribution

Your Account Isn't Verified!

In order to create a playlist on Sporcle, you need to verify the email address you used during registration. Go to your Sporcle Settings to finish the process.

Report this User

Report this user for behavior that violates our Community Guidelines.

Details: